000 00322 a2200157 4500
001 61515
020 _a9788578480813
040 _cAnchieta - Pituba
100 _aBarceló, Élias
240 1 0 _aCordeluna
_lpor
245 1 0 _aCordeluna
300 _a303
362 0 _a2011
650 4 _aLiteratura juvenil
942 _cBK
999 _c61515
_d61515